[Event "POL-chT 1st League 2020"]
[Site "Ustron"]
[Date "2020.09.06"]
[Round "2.8"]
[White "Butkiewicz, Lukasz"]
[Black "Paszewski, Mateusz"]
[Result "1/2-1/2"]
[WhiteElo "2393"]
[BlackElo "2275"]
[Annotator "TA"]
[PlyCount "47"]
[EventDate "2020.09.05"]
[EventType "team-tourn"]
[EventCountry "POL"]
[SourceTitle "playchess.com"]
[Source "ChessBase"]
[SourceQuality "1"]

{[%evp 15,47,14,29,11,11,11,11,11,10,0,0,0,5,0,0,0,0,0,0,0,0,0,9,0,0,0,8,0,0,0,0,-18,0,0]} 1. e4 c5 2. Nf3 Nc6 3. d4 cxd4 4. Nxd4 Nf6 5. Nc3 e6 6. Nxc6 bxc6 7. e5 Nd5 8. Ne4 Bb7 9. c4 {B45: Sicilian Four Knights.} Nb4 $1 {The position is equal.} 10. c5 {Black must now prevent Qb3.} Qb8 11. f4 Ba6 12. a3 Bxf1 13. Rxf1 Nd5 14. Qd4 Be7 15. f5 exf5 16. Rxf5 O-O 17. Bg5 Bxg5 18. Rxg5 Qb3 19. Rg3 Qc2 $1 {[#]} 20. Kf1 $146 ({Predecessor:} 20. Nf6+ Nxf6 21. exf6 Rfe8+ 22. Kf1 g6 23. Qc3 Qe2+ 24. Kg1 Re5 25. Rf1 Rae8 26. b4 {0-1 (51) Jones,G (2518)-Carlsen,M (2693) Gausdal 2007}) 20... Rae8 {[%cal Ba8e8,Be8e6,Be6g6][%mdl 32]} 21. Kg1 Re6 22. Rf1 Rg6 23. Nd6 Qe2 {[#] aiming for ...Rxg3.} 24. Rf2 {A rather calm draw. Accuracy: White = 100%, Black = 100%.} 1/2-1/2

[Event "POL-chT 1st League 2020"]
[Site "Ustron"]
[Date "2020.09.06"]
[Round "2.9"]
[White "Ciesla, Adam"]
[Black "Luch, Michal"]
[Result "1/2-1/2"]
[WhiteElo "2294"]
[BlackElo "2389"]
[Annotator "TA"]
[PlyCount "85"]
[EventDate "2020.09.05"]
[EventType "team-tourn"]
[EventCountry "POL"]
[SourceTitle "playchess.com"]
[Source "ChessBase"]
[SourceQuality "1"]

{[%evp 9,85,2,11,-9,-36,-30,0,-12,-2,-8,-6,-22,0,-37,-16,-22,-16,-23,-14,-20,0,0,17,0,0,0,0,-19,-25,-20,-20,-20,-15,-43,-60,-83,-55,-67,-71,-49,-84,-78,-43,-133,-82,-82,-82,-82,-82,-82,-82,-98,-98,-98,-85,-98,-82,-82,-82,-90,-76,-125,0,-89,-76,-82,-68,-76,-7,-6,-7,-8,0,0,0,-7,0,0]} 1. e4 c5 2. Nf3 Nc6 3. c3 Nf6 4. e5 Nd5 5. Na3 g6 6. g3 {B22: Sicilian: 2 c3.} Bg7 7. Bg2 Nc7 8. Qe2 O-O 9. O-O d6 {[#]} 10. exd6 $146 ({Predecessor:} 10. d4 cxd4 11. cxd4 Bg4 12. Qe4 Qd7 13. Bf4 Bf5 14. Qe3 Nd5 15. Qd2 dxe5 16. Nxe5 Bxe5 17. dxe5 {0-1 (31) Gerard,A (1834)-Weiss,L (2154) ICCF email 2018}) 10... exd6 11. Qd1 d5 12. d4 cxd4 13. Nxd4 Nxd4 14. cxd4 Ne6 15. Be3 Qb6 16. Nc2 Nc7 17. Qd2 Bf5 $36 {[%mdl 2048] Black has the initiative.} 18. Nb4 a5 19. Nxd5 Nxd5 20. Bxd5 Rfd8 21. Bg2 Bxd4 22. Bxd4 Rxd4 23. Qe3 Qxb2 {[#]} 24. Bxb7 $1 {[%mdl 512]} Rad8 (24... Qxb7 25. Qxd4) 25. Bg2 Rd2 26. Qe7 ({White should play} 26. a3 $15) 26... R8d7 (26... Qb6 $142 {...Bd3 is the strong threat.} 27. Qe3 Qxe3 28. fxe3 Re2) 27. Qc5 $17 Rc2 28. Qxa5 {[#]} Rxf2 $1 {[%mdl 576] Deflection} 29. Rxf2 Qxa1+ 30. Rf1 Qd4+ 31. Kh1 Be6 32. a3 Qb2 33. Qb4 Qe2 34. Qe1 Qa2 35. Qb4 Qe2 {( -> ...Bd5)} 36. Qe1 $1 {[%cal Re1e2]} ({But not} 36. Qb8+ Kg7 $17) 36... Qc2 37. Qb1 Qc3 38. Qb4 Qe3 (38... Qc7 $17) 39. Qb8+ $11 {The position is equal.} Kg7 40. Qb2+ $1 Kh6 41. Qb4 Kg7 42. Qb2+ Kg8 43. Qb8+ {Accuracy: White = 86%, Black = 80%.} 1/2-1/2

[Event "POL-chT 1st League 2020"]
[Site "Ustron"]
[Date "2020.09.06"]
[Round "2.10"]
[White "Brodowski, Piotr"]
[Black "Tomaszewski, Roman"]
[Result "1-0"]
[WhiteElo "2446"]
[BlackElo "2206"]
[Annotator "TA"]
[PlyCount "79"]
[EventDate "2020.09.05"]
[EventType "team-tourn"]
[EventCountry "POL"]
[SourceTitle "playchess.com"]
[Source "ChessBase"]
[SourceQuality "1"]

{[%evp 24,79,34,15,31,28,66,46,46,10,76,28,141,102,118,101,94,86,108,116,114,116,154,152,167,25,48,-10,20,20,15,-15,-19,-8,-10,-204,-116,-91,178,135,210,218,395,298,240,122,550,552,960,949,921,908,1370,1373,1320,1166,1120,1056]} 1. c4 Nf6 2. Nc3 c5 3. g3 d5 4. cxd5 Nxd5 5. Bg2 Nc7 6. d3 e5 7. Nf3 Nc6 8. Nd2 Bd7 9. O-O Be7 10. Nc4 O-O 11. Bxc6 Bxc6 12. Nxe5 Be8 13. Be3 b6 {A34: Symmetrical English: 2 Nc3, lines with ...d5.} 14. d4 {[#]} f6 $146 ({Predecessor:} 14... Nd5 15. Nxd5 Qxd5 16. Qb3 Rd8 17. Qxd5 Rxd5 18. Nf3 Bb5 19. Rfe1 Rfd8 20. dxc5 bxc5 21. Rac1 {1-0 (38) Bendana Guerrero,G (2440)-Prystenski,A (2243) ICCF email 2007}) 15. Nf3 c4 {White is slightly better.} 16. Re1 g5 (16... Qd7 $11) 17. Qc2 Kg7 (17... Qd7 $11 {remains equal.}) 18. Rad1 Bg6 19. Qc1 Nd5 20. Bd2 Re8 21. a3 $1 Bf8 22. h4 {[%cal Rh4g5]} h6 23. hxg5 hxg5 24. Nh2 (24. e4 $1 $18) 24... Qd7 {Threatens to win with ...Nxc3.} 25. Nf1 (25. Nxd5 $1 $14 Qxd5 26. f3) 25... Rad8 26. Nxd5 Qxd5 27. Ne3 Rxe3 28. Bxe3 (28. fxe3 Bd6 $19) 28... Bd6 {Hoping for ...Rh8.} 29. Bxg5 $2 (29. f3 $11 {and White is okay.} Bxg3 30. Kg2 Bxe1 31. Rxe1) 29... fxg5 {[#]} ({Not} 29... Qxg5 30. Qxg5 fxg5 31. Rc1 $15) ({Black should try} 29... Rh8 $1 $19 {[%csl Gd5][%cal Rh8h1]} 30. Bh4 Rxh4 $1 {[%mdl 512]} 31. gxh4 Qh5) 30. e4 $1 $17 {[%mdl 512] [#]} Qa5 $2 {[%mdl 8192]} ({Don't go for} 30... Bxe4 $2 {[#]} 31. Rxe4 $1 {[%mdl 512]} Qxe4 32. Qxg5+ Kh7 33. Qxd8 $18) (30... Qe6 $1 $17 {[%cal Re6h3] and life is bright. White must now prevent ...Qh3.} 31. d5 (31. Qxg5 Rh8 $15) 31... Qf6 32. Qxc4 Bh5) 31. Qxc4 $18 {e5 is the strong threat.} Bf7 (31... Bh5 $16 {was worth a try.}) 32. Qd3 Bh5 $2 (32... b5 33. Qe3 Be7) 33. b4 Qa4 34. Rc1 (34. Qe3 $18 Be7 35. Rc1) 34... Rf8 $2 {[%mdl 8192]} (34... Qd7 $16 {is a better chance.} 35. Qe3 Qg4) 35. e5 {White is clearly winning.} Be7 36. Rc7 Qe8 37. d5 Kg8 38. d6 Qf7 39. f4 Bg6 40. Qf3 {Accuracy: White = 58%, Black = 30%.} 1-0

[Event "POL-chT 1st League 2020"]
[Site "Ustron"]
[Date "2020.09.06"]
[Round "2.11"]
[White "Flis, Jacek"]
[Black "Zawadzki, Stanislaw"]
[Result "1/2-1/2"]
[WhiteElo "2214"]
[BlackElo "2435"]
[Annotator "TA"]
[PlyCount "144"]
[EventDate "2020.09.05"]
[EventType "team-tourn"]
[EventCountry "POL"]
[SourceTitle "playchess.com"]
[Source "ChessBase"]
[SourceQuality "1"]

{[%evp 17,144,-11,-11,-4,0,0,-7,-20,-25,-20,-19,-33,-31,-41,-37,-35,-30,-22,0,-8,0,-166,-26,-33,-26,-25,-14,-6,-11,-17,0,-15,-8,-35,-27,-60,28,51,29,-103,0,-63,-63,-107,-98,-83,0,0,0,0,0,0,77,0,0,0,0,0,0,0,0,0,0,0,0,0,0,0,0,0,0,0,0,0,0,0,0,0,0,0,0,0,0,0,0,0,0,-8,0,0,0,0,0,-11,0,-11,0,0,0,-11,-13,-27,-27,-32,-30,-39,-39,-39,-12,-16,0,-38,-38,-37,-33,-37,-37,-30,-8,-8,-8,-62,-62,-65,-65,-58,-17,-27,0]} 1. g3 c5 2. Bg2 Nc6 3. Nf3 g6 4. O-O Bg7 5. e4 d6 6. d3 Nf6 7. Nc3 O-O 8. Re1 e5 9. h3 Rb8 10. a4 {B25: Closed Sicilian: 3 g3, lines without early Be3.} a6 11. Bg5 h6 12. Be3 {The position is equal.} b5 13. axb5 axb5 {[#]} 14. Nh2 $146 ({Predecessor:} 14. Nd2 Nd4 15. Ne2 d5 16. c3 Nxe2+ 17. Qxe2 d4 {0-1 (17) Milonakis,G (2233)-Theodorou,N (2450) Anogia 2016}) 14... b4 15. Ne2 Be6 16. Qd2 Kh7 17. f4 Qd7 18. g4 exf4 19. Bxf4 $2 {[#]} (19. Nxf4 $11 {and White has nothing to worry.} g5 20. Nd5) 19... Ne8 (19... h5 $1 $19 {[%cal Rh5g4]} 20. d4 cxd4) 20. c3 bxc3 21. bxc3 Rd8 22. Be3 Nc7 23. Nf3 Rfe8 24. d4 Bc4 25. Ng3 d5 26. dxc5 dxe4 ({Better is} 26... Nb5 $15 27. exd5 Bxd5) 27. Qxd7 $11 Rxd7 28. Nd4 (28. Nd2 $11 Bd5 29. c4) 28... Bd5 ({But not} 28... Bxd4 $6 29. Bxd4 (29. cxd4 Bd3 $11) 29... Nxd4 30. cxd4 $11) (28... Nxd4 $17 29. Bxd4 Rxd4 30. cxd4 Bxd4+ {[%mdl 64] Double Attack} 31. Kh2 Bxa1 32. Rxa1 e3) 29. Nxc6 (29. Rad1 $11) 29... Bxc6 $15 30. Red1 Rxd1+ ({Not} 30... Bxc3 31. Rxd7 Bxd7 32. Ra7 $16) 31. Rxd1 Bf8 (31... Nd5 $17 32. Bd2 Nxc3 33. Bxc3 Bxc3) 32. Bd4 $11 Na6 33. Rf1 $36 {[%mdl 2048] White is pushing.} Bd5 34. c6 Bd6 {[#]} (34... Kg8 $1 $11 {keeps the balance.}) 35. Nxe4 (35. c4 $1 $16 {[%cal Rc4d5][%mdl 512]} Bxg3 (35... Bxc4 36. Nxe4) 36. cxd5) 35... Bxe4 36. Bxe4 Rxe4 37. Rxf7+ Kg8 38. Rg7+ Kf8 {...Rxd4! is the strong threat.} 39. Rxg6 {[%mdl 64] Double Attack} Be5 40. Bxe5 Rxe5 41. Rxh6 {[%mdl 4096] Endgame KRN-KR} Rc5 42. Rf6+ Kg7 43. Rf3 (43. Rf5 {looks sharper.} Rxc6 44. Rg5+ Kf7 45. Rf5+ Kg7) 43... Nc7 44. Kf2 Rxc6 45. Ke2 Nd5 46. Kd2 Kg6 47. Kc2 Rc8 48. Kb3 Rb8+ 49. Kc4 Nf6 50. Kd4 Rd8+ 51. Ke5 Re8+ 52. Kd6 Rc8 53. Ke5 Re8+ (53... Rc5+ {is interesting.} 54. Kd4 Rd5+ 55. Kc4 Rd1 56. Rd3 Rc1) 54. Kd4 Rd8+ 55. Kc4 Rc8+ 56. Kb3 Rb8+ 57. Kc2 Rc8 58. Rd3 Kg5 59. Rd4 Rh8 60. Rd3 Kf4 61. c4 Ne4 62. Ra3 Ke5 63. Rd3 Kf4 64. Ra3 Ng5 65. c5 Ke5 66. c6 Kd6 67. Ra5 Ne6 68. Rh5 Re8 69. g5 ({White should try} 69. Kd2 $11) 69... Kxc6 $15 70. h4 Kd6 71. Rh7 Rg8 72. Kd2 Nxg5 {Accuracy: White = 83%, Black = 79%.} 1/2-1/2

[Event "POL-chT 1st League 2020"]
[Site "Ustron"]
[Date "2020.09.06"]
[Round "2.12"]
[White "Przezdziecka, Ewa"]
[Black "Lach, Aleksandra"]
[Result "0-1"]
[WhiteElo "2166"]
[BlackElo "2188"]
[Annotator "TA"]
[PlyCount "58"]
[EventDate "2020.09.05"]
[EventType "team-tourn"]
[EventCountry "POL"]
[SourceTitle "playchess.com"]
[Source "ChessBase"]
[SourceQuality "1"]

{[%evp 10,58,46,34,55,0,0,-66,-38,-50,-32,-95,10,21,17,8,20,25,27,31,30,25,70,35,95,67,64,0,82,0,0,-343,-354,-395,-401,-457,-462,-491,-486,-535,-519,-826,-828,-972,-965,-6370,-6083,-29985,-29986,-29986,-29987]} 1. d4 d5 2. Nf3 c6 3. c4 e6 4. Nc3 dxc4 5. e3 b5 6. a4 $1 {[%mdl 1024] White has compensation.} Qb6 {[#] D31: Queen's Gambit Declined: Semi-Slav without ...Nf6 (+ Marshall Gambit and Noteboom) and Exchange Variation lines without ...Nf6.} 7. Nd2 $146 (7. Bd2 $14) ({Predecessor:} 7. axb5 cxb5 8. Ne5 Bb7 9. b3 Nc6 10. bxc4 Nxe5 11. c5 Bxc5 12. dxc5 Qxc5 13. Nxb5 Rd8 14. Ba3 Rxd1+ 15. Rxd1 Qc2 16. Nd6+ Ke7 17. Nc4+ Ke8 18. Nd6+ Ke7 19. Ne4+ {½-½ (19) Gelfand,B (2665)-Huebner,R (2595) Dortmund 1996}) 7... Nf6 8. Be2 (8. axb5 $11 cxb5 9. b3) 8... Bb7 {Black is slightly better.} 9. O-O Bb4 10. Na2 {[#]} (10. Nde4 $15) 10... Bd6 (10... a5 $1 $17 11. Nxb4 axb4) 11. b3 $11 cxb3 12. Qxb3 {[%cal Ra4b5]} bxa4 13. Qxa4 {And now Nc4 would win.} Qc7 14. h3 O-O 15. Nc4 Bh2+ 16. Kh1 Ne4 (16... Nbd7 $14) 17. Ba3 c5 18. dxc5 (18. Bd3 $14) 18... Be5 (18... Nd7 $11) 19. Nxe5 (19. Rac1 $16) 19... Qxe5 20. Bf3 $2 {[%mdl 8192] [#]} (20. Rac1 $11 Rc8 21. Bd3) 20... Nxf2+ $1 $19 {[%mdl 576] Discovered Attack, Deflection} 21. Rxf2 Qxa1+ 22. Nc1 Bxf3 23. Rxf3 {[#]} Nc6 $1 {[%mdl 512]} 24. e4 (24. Qxc6 Qxa3) 24... Rac8 25. Qa6 (25. Rd3 $142) 25... Nd4 26. Rd3 {[#]} Rxc5 $1 {[%mdl 576] Pin} 27. Rxd4 (27. Bxc5 Qxa6) 27... Rxc1+ {[%mdl 64] Pin} 28. Kh2 Rh1+ 29. Kg3 Qxd4 {Accuracy: White = 18%, Black = 74%.} 0-1

[Event "POL-chT 1st League 2020"]
[Site "Ustron"]
[Date "2020.09.06"]
[Round "2.13"]
[White "Szwed, Jacek"]
[Black "Plichta, Kamil"]
[Result "0-1"]
[WhiteElo "2380"]
[BlackElo "2383"]
[Annotator "TA"]
[PlyCount "94"]
[EventDate "2020.09.05"]
[EventType "team-tourn"]
[EventCountry "POL"]
[SourceTitle "playchess.com"]
[Source "ChessBase"]
[SourceQuality "1"]

{[%evp 13,94,38,64,66,66,44,31,22,19,-23,-12,0,-23,-31,-32,-50,0,-27,-19,-15,18,-18,-22,-60,-8,-20,-24,-31,-17,-42,-51,-71,-56,-108,-86,-115,-111,-96,-27,-14,-15,-165,-94,-122,-123,-849,-651,-797,-343,-347,-340,-331,-320,-579,-411,-421,-343,-474,-420,-730,-722,-709,-679,-749,-727,-2030,-2044,-1947,-1949,-1467,-1498,-1315,-1270,-1253,-998,-5936,-4905,-29988,-29989,-29989,-29990,-29990,-29991]} 1. e4 e5 2. Nc3 Nf6 3. g3 d5 4. exd5 Nxd5 5. Bg2 Be6 6. Nf3 Nc6 7. O-O Be7 8. Re1 {C47: Scotch Four Knights and Four Knights with 4 g3.} Bf6 9. Ne4 O-O 10. Nxf6+ {White is slightly better.} Qxf6 {[#]} ({Much worse is} 10... gxf6 $6 11. d4 $16) 11. h3 $146 ({Predecessor:} 11. d3 h6 12. h3 Rad8 13. a3 Rfe8 14. Bd2 Bf5 15. g4 Bc8 16. g5 Qd6 17. Qe2 {1-0 (27) Matsenko,A (2327)-Mundet Riera,J (2188) Platja d'Aro 2016}) 11... Rfe8 12. d3 h6 13. Qe2 Rad8 14. c3 Nb6 15. Nd2 Bd5 16. Ne4 Qe7 17. Qh5 Nd7 18. g4 Nf6 (18... Nc5 $15) 19. Nxf6+ Qxf6 ({And not} 19... gxf6 20. Bf1 $16 (20. Bxh6 Bxg2 21. Kxg2 Rxd3 $11)) 20. g5 Qe6 21. gxh6 g6 22. h7+ Kh8 23. Qh4 (23. Bxd5 $15 gxh5 24. Bxe6 Rxe6 25. Rd1) 23... f6 $40 {[%mdl 128] Black attacks with force.} 24. d4 Bxg2 25. Kxg2 Ne7 ({Black should try} 25... g5 $17 26. Qh5 Qd5+ 27. Kg1 Re7) 26. dxe5 Nf5 27. Qe4 {[#]} (27. Qg4 $1 $11 {and White stays safe.}) 27... g5 $1 $19 {[%mdl 1024] Black has strong compensation.} 28. Kh2 {[#]} Nh4 $1 29. Qe3 $2 {[%mdl 8192]} (29. f4 $17 g4 30. Kg3 Nf5+ 31. Kg2 gxh3+ 32. Kh2) 29... f5 30. Rg1 f4 (30... Qc6 $142 31. Rxg5 Rd1) 31. Qe4 Qxe5 32. Qxe5+ Rxe5 33. Rf1 $2 (33. Bxf4 gxf4 34. Rg4 Nf3+ 35. Kg2 Ne1+ 36. Kf1) 33... Kxh7 34. a4 Kg6 35. Ra3 Rd3 36. Rb3 (36. c4 $142 Rxa3 37. bxa3) 36... Nf3+ 37. Kg2 Ne1+ 38. Kh2 Rd1 39. Rxb7 Nf3+ {[%mdl 64] Discovered Attack} 40. Kg2 Nh4+ 41. Kg1 Ree1 42. Rxe1 Rxe1+ 43. Kh2 Rxc1 {KRN-KR} 44. a5 Rf1 45. a6 Rxf2+ {Black mates.} 46. Kg1 Rg2+ 47. Kf1 f3 {Accuracy: White = 38%, Black = 77%.} 0-1

[Event "POL-chT 1st League 2020"]
[Site "Ustron"]
[Date "2020.09.06"]
[Round "2.14"]
[White "Lewtak, Damian"]
[Black "Zylka, Stanislaw"]
[Result "1/2-1/2"]
[WhiteElo "2377"]
[BlackElo "2377"]
[Annotator "TA"]
[PlyCount "63"]
[EventDate "2020.09.05"]
[EventType "team-tourn"]
[EventCountry "POL"]
[SourceTitle "playchess.com"]
[Source "ChessBase"]
[SourceQuality "1"]

{[%evp 14,63,60,6,20,27,49,45,43,37,41,14,44,7,11,15,1,0,-6,-58,-54,-60,-54,-57,-59,-70,-38,-61,-12,-96,-95,-130,-119,-110,-81,-121,-47,-56,-58,-68,-48,-89,-93,-132,-138,-125,-129,-129,-125,-159,-133,-149]} 1. Nf3 g6 2. e4 Bg7 3. d4 d6 4. c3 Nf6 5. Bd3 O-O 6. O-O Nc6 7. Re1 e5 8. Nbd2 (8. h3 $14) 8... exd4 {B07: Pirc Defence: Miscellaneous Systems.} 9. cxd4 Nh5 10. d5 {[#]} Nb4 $146 {[%cal Bc6b4,Bb4a6,Ba6c5][%mdl 32] White is slightly better.} ({Predecessor:} 10... Ne7 11. Nf1 c6 12. dxc6 Nxc6 13. h3 Be6 14. a3 Qb6 15. Ne3 Nf4 16. Bf1 Ne5 17. Nxe5 dxe5 {0-1 (34) Kuzubov,Y (2643)-Bortnyk,O (2598) chess.com INT 2020}) 11. Bf1 a5 12. Nc4 Re8 13. h3 Nf6 14. a3 Na6 $1 15. Qc2 Nc5 {[%cal Rf6e4]} 16. Bd3 (16. Bg5 $11) 16... Bd7 17. Bg5 Ba4 18. Qb1 h6 $36 {[%mdl 2048] Black has some pressure.} 19. Bh4 g5 20. Bg3 Qd7 21. Ncd2 (21. e5 $1 $11 Nxd5 22. exd6 Rxe1+ 23. Nxe1) 21... Nh5 $17 22. Bf1 Nxg3 23. fxg3 Qd8 24. Ra2 Bb3 ({Black should try} 24... Bd7 $17 25. g4 a4) 25. Nxb3 $15 Nxb3 26. Qc2 a4 27. Bc4 c6 28. dxc6 bxc6 29. Kh2 Qb6 30. Qd1 Rad8 31. Rf1 Re7 32. h4 {Accuracy: White = 58%, Black = 74%.} 1/2-1/2

[Event "POL-chT 1st League 2020"]
[Site "Ustron"]
[Date "2020.09.06"]
[Round "2.15"]
[White "Koziol, Kamil"]
[Black "Budrewicz, Krzysztof"]
[Result "0-1"]
[WhiteElo "2296"]
[BlackElo "2227"]
[Annotator "TA"]
[PlyCount "72"]
[EventDate "2020.09.05"]
[EventType "team-tourn"]
[EventCountry "POL"]
[SourceTitle "playchess.com"]
[Source "ChessBase"]
[SourceQuality "1"]

{[%evp 21,71,2,8,0,8,7,41,36,54,61,59,63,121,94,160,159,141,157,216,208,257,176,262,44,94,0,14,10,22,19,22,-79,-72,-77,0,-77,0,-45,0,-66,0,-298,-275,-266,-279,-741,-633,-29997,-29998,-29998,-29999,-29999]} 1. e4 c5 2. Nf3 Nc6 3. d4 cxd4 4. Nxd4 e6 5. Nc3 a6 6. Nxc6 bxc6 7. Bd3 d5 8. O-O Nf6 9. Re1 Be7 10. e5 Nd7 11. Qg4 Kf8 12. Na4 {B46: Sicilian: Taimanov: 5 Nc3 a6.} h5 13. Qf4 {[#]} g5 $146 ({Predecessor:} 13... Kg8 14. b3 c5 15. c4 d4 16. b4 cxb4 17. Bb2 Qa5 18. Bc2 d3 19. Qe4 dxc2 20. Qxa8 {0-1 (42) Nguyen,T (2569)-Laznicka,V (2638) Pardubice 2020}) 14. Qe3 {White is slightly better.} Bb7 15. c4 h4 16. h3 Rb8 (16... dxc4 $14 17. Bxc4 c5) 17. b3 $1 $16 c5 (17... Rg8 $142) 18. cxd5 Bxd5 19. Ba3 g4 (19... Qa5 $16 20. Rac1 Rc8) 20. hxg4 $18 Kg7 21. f4 (21. Nxc5 $2 Nxc5 22. Bxc5 Bxc5 $19) (21. Bxc5 Nxc5 22. Nxc5 Bxc5 $17) 21... Bc6 (21... c4 {was worth a try.}) 22. Nc3 $2 (22. Bxa6 $6 Ra8 $18) (22. Rad1 $18) 22... Qa5 23. Qc1 (23. Be4 $1 $16 {[%cal Re4c6]} Bxe4 24. Nxe4 Qxa3 25. f5 exf5 26. gxf5 Nxe5 27. f6+ $1 {[%mdl 512]} Bxf6 28. Nxf6) 23... h3 (23... Qb6 $5 {[%cal Rc5c4]} 24. Qe3 Qa5 $16) 24. Be4 Bxe4 25. Nxe4 (25. Rxe4 hxg2 26. Kxg2 Rh4 $17) 25... hxg2 26. Nf2 {[#]} (26. Kxg2 $11 Rh4 27. Rh1) 26... Bh4 $1 $17 {White must now prevent ...c4!} 27. f5 ({Don't go for} 27. Kxg2 $2 Bxf2 28. Kxf2 Rh2+ 29. Kg1 Rbh8 $19) 27... Rh7 (27... Rbg8 $17 {...Kf8 is the strong threat.} 28. Rd1 Qc7) 28. Bb2 (28. Kxg2 $11 {keeps the balance.} Rg8 29. Bb2) 28... Kh8 ({Black should play} 28... Qb4 $17 {Hoping for ...Bxf2+.} 29. Qe3 Nb6 30. f6+ Kg8) 29. Bc3 Qd8 {Strongly threatening ...Bxf2+.} 30. Qf4 ({White should try} 30. Qe3 $11) 30... Nb6 (30... c4 $1 $15 31. bxc4 Nc5 32. Kxg2 Bxf2) 31. Rad1 $2 {[%mdl 8192]} (31. Ba5 $1 $11) 31... Nd5 $19 32. Rxd5 Qxd5 ({Inferior is} 32... exd5 33. e6+ d4 {[#]} 34. Ba5 $1 $16 {[%mdl 512]}) 33. g5 $2 (33. Qe4) 33... Bxg5 {[%mdl 64] ( -> ...Rh1+). Promotion} 34. Qxg5 {And now Qf6+ would win.} Rh1+ {Black mates.} 35. Nxh1 gxh1=Q+ 36. Kf2 Qdf3# {Quite a comeback for Black. Accuracy: White = 40%, Black = 47%.} 0-1

[Event "POL-chT 1st League 2020"]
[Site "Ustron"]
[Date "2020.09.06"]
[Round "2.16"]
[White "Reza, Wojciech"]
[Black "Nowak, Mikolaj"]
[Result "1/2-1/2"]
[WhiteElo "2273"]
[BlackElo "2279"]
[Annotator "TA"]
[PlyCount "112"]
[EventDate "2020.09.05"]
[EventType "team-tourn"]
[EventCountry "POL"]
[SourceTitle "playchess.com"]
[Source "ChessBase"]
[SourceQuality "1"]

{[%evp 13,112,25,18,22,38,31,41,33,50,45,51,48,77,58,63,50,100,85,83,88,161,158,128,99,110,106,102,0,0,0,0,0,0,0,0,0,24,0,0,-23,-29,-27,-22,-33,0,0,0,0,0,-12,0,-17,-19,-31,-13,-21,1,-8,-10,-10,-8,-58,-67,-66,-56,-65,-26,-24,-24,-35,-24,-46,-46,-66,-66,-66,-66,-83,-75,-75,-18,-124,0,0,0,0,0,0,0,0,0,0,0,0,0,0,0,0,0,0,0]} 1. d4 d6 2. e4 Nf6 3. Nc3 g6 4. Nf3 Bg7 5. Be2 a6 6. O-O O-O 7. Re1 Nc6 $1 {7...Nc6 is better than 7...b5.} 8. d5 {B08: Pirc Defence: Classical System.} Nb8 9. a4 {[%cal Ba2a4,Ba4a5,Ba5b6][%mdl 32]} c6 10. a5 {[#] White is slightly better.} cxd5 $146 ({Predecessor:} 10... Bg4 11. Be3 Nbd7 12. h3 Bxf3 13. Bxf3 Qc7 14. Be2 Rfe8 15. Bd4 e6 16. dxe6 Rxe6 {½-½ (52) Yeoh,L (2470)-Yu,Y (2743) Chengdu 2017}) 11. exd5 b5 12. axb6 $1 Bb7 13. Bc4 Nbd7 14. Na4 $36 {[%mdl 2048] White fights for an advantage.} Rc8 15. Bb3 Re8 16. Be3 Ne4 (16... Nc5 $16 {was called for.}) 17. c3 $18 Nec5 18. Bc2 Rf8 19. Nxc5 dxc5 20. Bf4 (20. c4 $16) 20... Nxb6 $11 21. d6 exd6 22. Qxd6 Qxd6 23. Bxd6 Rfd8 24. Be7 Re8 25. Bb3 a5 {[%cal Ba6a5,Ba5a4][%mdl 32]} 26. Bg5 ({But not} 26. Rxa5 $2 Bxf3 27. gxf3 Bf8 $19) 26... a4 27. Bc2 Rxe1+ 28. Nxe1 Bd5 29. Nd3 Bb3 30. Bxb3 axb3 31. Ra6 Nd7 32. Rd6 Ne5 33. Kf1 h6 (33... Bf8 $5 34. Rd5 $8 Nxd3 35. Rxd3 c4 $11) 34. Be3 Nc4 35. Rd5 Nxe3+ 36. fxe3 {[%mdl 4096] Endgame KRB-KRN} c4 37. Ne5 (37. Nf2 {keeps more tension.} Ra8 38. Nd1 Kf8 39. Ke2 Ra1 40. Kd2) 37... Bxe5 38. Rxe5 $15 {KR-KR} Ra8 $1 {[%cal Ra8a2]} 39. Rd5 Ra1+ 40. Ke2 $1 Rg1 41. Kf3 Rf1+ 42. Kg3 Rb1 43. Rd4 Rxb2 {Strongly threatening ...Rb1.} 44. Rxc4 Rc2 45. Rc6 b2 46. Rb6 g5 (46... h5 $17) 47. h4 (47. Kf3 $11 {remains equal.}) 47... f5 (47... gxh4+ $17 48. Kxh4 Rxg2) 48. hxg5 $11 {The position is equal.} hxg5 {[#]} 49. c4 $1 {[%mdl 512]} Kf7 {[#]} (49... Rxc4 50. Rxb2) 50. c5 $1 {[%mdl 512]} Ke7 (50... Rxc5 51. Rxb2) 51. Kf3 Kd7 52. g4 fxg4+ 53. Kxg4 Kc7 54. Kf3 Kd7 55. Kg4 Kc7 56. Kf3 Kd7 {Accuracy: White = 87%, Black = 83%.} 1/2-1/2